The half century : or, A history of the changes that have taken place, and events that have transpired, chiefly in the United States, between 1800 and 1850 /

Bibliographic Details
Main Author: Davis, Emerson, 1798-1866
Format: Book
Language:English
Published: Boston : Tappan & Whittemore, 1851
Subjects:

MARC

Tag First Indicator Second Indicator Subfields
LEADER 00000cam a2200000 i 4500
001 in00000097788
005 20150925115037.0
008 780821r19771851kyu b 00010 eng d
035 |a (OCoLC)04154411 
035 |9 AAL2983AM 
040 |a DLC  |c RRR  |d RRR  |d TXA  |d UtOrBLW 
043 |a n-us--- 
049 |a TXAI 
099 |a fiche  |a C  |a 1980 
100 1 |a Davis, Emerson,  |d 1798-1866. 
245 1 4 |a The half century :  |b or, A history of the changes that have taken place, and events that have transpired, chiefly in the United States, between 1800 and 1850 /  |c by Emerson Davis ; with an introduction by Mark Hopkins. 
264 1 |a Boston :  |b Tappan & Whittemore,  |c 1851 
264 4 |c ©1850 
300 |a xxiii, 444 pages ;  |c 21 cm. 
336 |a text  |b txt  |2 rdacontent 
337 |a microform  |b h  |2 rdamedia 
338 |a microfiche  |b he  |2 rdacarrier 
500 |a Microfiche. Louisville, Ky. : Lost Cause Press, 1977. -- 6 sheets ; 10.5 x 14.8 cm. -- (Sabin, Joseph, 1821-1881. [Bibliotheca Americana] Selected Americana. [Microfiche edition]) -- (Fiche book). 
500 |a "Sabin: 18812." 
500 |a "Copied from the original in the Library of Congress." 
500 |a Microform. 
650 0 |a Education  |z United States. 
651 0 |a United States  |x History  |y 1815-1861. 
651 0 |a United States  |x Religion. 
740 2 |a A history of the changes that have taken place, and events that have transpired, chiefly in the United States, between 1800 and 1850. 
999 |a MARS 
999 f f |s faf32b5a-3700-324e-951c-37644d634a29  |i eff481a0-f9ea-30df-abae-3ace804198c0  |t 0 
952 f f |p normal  |a Texas A&M University  |b College Station  |c Sterling C. Evans Library  |d Evans: Microforms (3rd floor)  |t 0  |e fiche C 1980  |h Other scheme  |i microform -- microfiche  |m A14820791123 
998 f f |a fiche C 1980  |t 0  |l Evans: Microforms (3rd floor)